[Event "Memorial Nicola Palladino A"]
[Site "Milano ITA"]
[Date "2010.04.02"]
[Round "2"]
[White "Piantoni, Pierino"]
[Black "Battistella, Stefano"]
[Result "1/2-1/2"]
[WhiteElo "1943"]
[BlackElo "2095"]
[PlyCount "21"]
[EventDate "2010.04.01"]

1. c4 g6 2. d4 Nf6 3. Nc3 Bg7 4. e4 d6 5. Nf3 O-O 6. Be2 e5 7. d5 Nbd7 8. O-O
a5 9. Be3 b6 10. a3 Nc5 11. Nd2 1/2-1/2

[Event "Memorial Nicola Palladino A"]
[Site "Milano ITA"]
[Date "2010.04.02"]
[Round "2"]
[White "Profumo, Alberto"]
[Black "Illyuviev, Oleg"]
[Result "1-0"]
[WhiteElo "2191"]
[BlackElo "2031"]
[PlyCount "47"]
[EventDate "2010.04.01"]

1. Nf3 d5 2. g3 d4 3. Bg2 c5 4. c3 Nc6 5. cxd4 cxd4 6. Qa4 Qd7 7. O-O g6 8. b4
b5 9. Qxb5 Rb8 10. Nxd4 Rxb5 11. Bxc6 Rxb4 12. Bxd7+ Bxd7 13. Nb3 Bg7 14. Nc3
Nf6 15. Ba3 Rb8 16. Rab1 Rc8 17. Rfc1 O-O 18. Bxe7 Rfe8 19. Bxf6 Bxf6 20. Nd5
Bg5 21. f4 Bd8 22. Kf2 Rxc1 23. Rxc1 Be6 24. Nc7 1-0

[Event "Memorial Nicola Palladino A"]
[Site "Milano ITA"]
[Date "2010.04.02"]
[Round "2"]
[White "Rossi, Giampiero"]
[Black "Pelizzola, Danilo"]
[Result "0-1"]
[WhiteElo "1914"]
[BlackElo "2106"]
[PlyCount "152"]
[EventDate "2010.04.01"]

1. d4 Nf6 2. c4 g6 3. g3 Bg7 4. Bg2 d6 5. Nc3 O-O 6. Nf3 Nc6 7. O-O e5 8. dxe5
Nxe5 9. Nxe5 dxe5 10. Qxd8 Rxd8 11. Bg5 h6 12. Bxf6 Bxf6 13. Nd5 Kg7 14. Nxc7
Rb8 15. Rfd1 Bg4 16. f3 Bf5 17. e4 Bd7 18. Nd5 Be6 19. Nxf6 Kxf6 20. Bf1 Rdc8
21. Rac1 Rc7 22. Rc3 Rbc8 23. Rdc1 b6 24. Kf2 Ke7 25. a3 Rd8 26. Be2 Rd2 27.
R1c2 Rxc2 28. Rxc2 a5 29. b4 axb4 30. axb4 Ra7 31. c5 bxc5 32. Rxc5 Kd6 33. Ra5
Rb7 34. Ra6+ Kc7 35. b5 Rb6 36. Ra7+ Rb7 37. Ra8 Rb8 38. Rxb8 Kxb8 39. h4 Kc7
40. f4 f6 41. Ke3 Kb6 42. g4 g5 43. hxg5 hxg5 44. fxg5 fxg5 45. Kd2 Bd7 46. Kc3
Kc5 47. b6 Kxb6 48. Kb4 Bc8 49. Bd1 Bb7 50. Bc2 Ba6 51. Bb3 Be2 52. Be6 Kc6 53.
Bf5 Kd6 54. Kc3 Kc5 55. Kd2 Bb5 56. Kc3 Bf1 57. Bg6 Be2 58. Bf5 Bf3 59. Kd3 Kb4
60. Ke3 Bd1 61. Kd2 Ba4 62. Be6 Bc6 63. Bf5 Kc4 64. Ke3 Kc3 65. Bg6 Kc2 66. Bf7
Bb5 67. Be6 Kd1 68. Bb3+ Ke1 69. Be6 Be2 70. Bf5 Kf1 71. Be6 Bd1 72. Kd3 Kf2
73. Bf5 Kf3 74. Kc4 Kf4 75. Kd5 Bf3 76. Ke6 Bxe4 0-1

[Event "Memorial Nicola Palladino A"]
[Site "Milano ITA"]
[Date "2010.04.03"]
[Round "3"]
[White "Angelini, Marco"]
[Black "Piantoni, Pierino"]
[Result "1/2-1/2"]
[WhiteElo "2046"]
[BlackElo "1943"]
[PlyCount "73"]
[EventDate "2010.04.01"]

1. e4 e6 2. d4 d5 3. e5 c5 4. c3 Nc6 5. Nf3 Bd7 6. a3 a5 7. a4 cxd4 8. cxd4 Nb4
9. Nc3 Ne7 10. Bg5 h6 11. Nb5 Bxb5 12. Bxb5+ Nbc6 13. Be3 Nf5 14. O-O Nxe3 15.
fxe3 Be7 16. Ne1 O-O 17. Bxc6 bxc6 18. Qg4 Rb8 19. Nd3 Bg5 20. Rf3 Rb3 21. Rd1
f5 22. exf6 Rxf6 23. Rg3 Qf8 24. h4 Rxd3 25. Rxd3 Rf1+ 26. Kh2 Bd8 27. Qxe6+
Kh8 28. e4 dxe4 29. Qxe4 Bc7 30. Rdf3 Rxf3 31. gxf3 Qb8 32. Qg4 Bxg3+ 33. Qxg3
Qxb2+ 34. Kh3 Qxd4 35. Qb8+ Kh7 36. Qb1+ Kg8 37. Qb8+ 1/2-1/2

[Event "Memorial Nicola Palladino A"]
[Site "Milano ITA"]
[Date "2010.04.03"]
[Round "3"]
[White "Astengo, Corrado"]
[Black "Cerasi, Umberto"]
[Result "1-0"]
[WhiteElo "2136"]
[BlackElo "2046"]
[PlyCount "97"]
[EventDate "2010.04.01"]

1. e4 c5 2. Nf3 e6 3. d3 b6 4. g3 Bb7 5. Bg2 g6 6. Bf4 Bg7 7. c3 Ne7 8. Na3 d6
9. Qd2 h6 10. O-O e5 11. Be3 d5 12. exd5 Nxd5 13. d4 cxd4 14. cxd4 e4 15. Ne5
Ne7 16. Qc2 f5 17. Qc4 Bd5 18. Qa4+ Kf8 19. Rac1 a6 20. Qb4 Kg8 21. Nac4 b5 22.
Nb6 Qxb6 23. Qxe7 Ra7 24. Qc5 Qxc5 25. Rxc5 Bxe5 26. dxe5 Be6 27. Rd1 Kf7 28.
Rd6 Rb7 29. Bd4 Re8 30. f3 e3 31. f4 Rbe7 32. Bxe3 Bxa2 33. Rf6+ Kg7 34. Rd6
Kf7 35. Rc3 Bc4 36. Bc5 Rc7 37. Rf6+ Kg7 38. Bd6 Rd7 39. b3 Bf7 40. Bxb8 Rxb8
41. Rxa6 b4 42. Rcc6 Rd1+ 43. Bf1 Rb1 44. Rc7 Kg8 45. Kf2 Rd8 46. e6 Be8 47.
Bc4 Rd2+ 48. Ke3 Rxh2 49. Ra8 1-0

[Event "Memorial Nicola Palladino A"]
[Site "Milano ITA"]
[Date "2010.04.03"]
[Round "3"]
[White "Battistella, Stefano"]
[Black "Cani, Gazmir"]
[Result "1-0"]
[WhiteElo "2095"]
[BlackElo "2027"]
[PlyCount "93"]
[EventDate "2010.04.01"]

1. e4 e5 2. Nf3 Nf6 3. d3 Nc6 4. Be2 d5 5. Nbd2 Bc5 6. O-O O-O 7. c3 a5 8. Qc2
Bg4 9. h3 Bh5 10. Re1 Bg6 11. b3 Qe7 12. Bb2 Rfd8 13. a3 Bb6 14. Bf1 Qc5 15.
Re2 Nh5 16. b4 axb4 17. Nb3 Qf8 18. cxb4 Ng3 19. Ree1 f6 20. Kh2 Nxf1+ 21. Rxf1
Qd6 22. Nc5 Rab8 23. Nh4 dxe4 24. dxe4 Nd4 25. Qd3 Be8 26. Rac1 Bb5 27. Qg3
Bxf1 28. Bxd4 exd4 29. f4 Bxc5 30. bxc5 Qa6 31. Nf5 Rd7 32. Qb3+ Rf7 33. c6 Re8
34. cxb7 Qb6 35. Ne7+ Kf8 36. Qxb6 cxb6 37. Rc8 Rfxe7 38. b8=Q d3 39. Rxe8+
Rxe8 40. Qxb6 Be2 41. Qd6+ Re7 42. e5 fxe5 43. fxe5 Kf7 44. Kg3 Re6 45. Qd5 Ke7
46. Kf4 Ra6 47. Qb7+ 1-0

[Event "Memorial Nicola Palladino A"]
[Site "Milano ITA"]
[Date "2010.04.03"]
[Round "3"]
[White "Borin, Fabio"]
[Black "Giacometto, Mario"]
[Result "1/2-1/2"]
[WhiteElo "2107"]
[BlackElo "1972"]
[PlyCount "73"]
[EventDate "2010.04.01"]

1. d4 e6 2. e4 d5 3. Nc3 Bb4 4. e5 Ne7 5. Nf3 O-O 6. Bd3 f5 7. exf6 Rxf6 8. Bg5
Rf8 9. Ne5 Qe8 10. Qg4 Nf5 11. Qh3 c5 12. dxc5 Bxc3+ 13. bxc3 Nc6 14. Nxc6 Qxc6
15. g4 Qxc5 16. gxf5 Qxc3+ 17. Ke2 e5 18. Bd2 Qc6 19. Rhg1 Rf7 20. Rab1 a6 21.
c4 e4 22. Bc2 Qxc4+ 23. Kd1 Bxf5 24. Qc3 b5 25. Qxc4 dxc4 26. Be3 h5 27. Rg5 g6
28. a4 Rd7+ 29. Kc1 Rd5 30. Kb2 b4 31. Rbg1 Kf7 32. Bd1 Rad8 33. Kc1 Rc8 34.
Kb2 Rcd8 35. Kc1 Rc8 36. Kb2 Rcd8 37. Kc1 1/2-1/2

[Event "Memorial Nicola Palladino A"]
[Site "Milano ITA"]
[Date "2010.04.03"]
[Round "3"]
[White "Colovic, Aleksandar"]
[Black "Profumo, Alberto"]
[Result "1/2-1/2"]
[WhiteElo "2464"]
[BlackElo "2191"]
[PlyCount "76"]
[EventDate "2010.04.01"]

1. e4 c6 2. d4 d5 3. exd5 cxd5 4. c4 Nf6 5. Nc3 e6 6. c5 Be7 7. Nf3 Ne4 8. Qc2
f5 9. Be2 O-O 10. O-O b6 11. b4 a5 12. Na4 axb4 13. Nxb6 Ra7 14. Bd2 Ba6 15.
Bxb4 Bxe2 16. Qxe2 Nc6 17. Qb2 Bf6 18. Ne5 Bxe5 19. dxe5 Qc7 20. a3 Nxe5 21.
Qd4 Nc6 22. Qd3 Ne5 23. Qd4 Nc6 24. Qd1 Rb7 25. Rc1 Rf7 26. f3 Nf6 27. Re1 Re7
28. Bc3 Nd7 29. Nxd7 Qxd7 30. Be5 h6 31. Bd6 Re8 32. f4 Ra8 33. Rc3 Rba7 34.
Rce3 Rxa3 35. Rxe6 Qxe6 36. Rxe6 Ra1 37. Re1 Rxd1 38. Rxd1 d4 1/2-1/2

[Event "Memorial Nicola Palladino A"]
[Site "Milano ITA"]
[Date "2010.04.03"]
[Round "3"]
[White "Di Chiara, Mauro"]
[Black "Nepi, Ezio"]
[Result "0-1"]
[WhiteElo "1868"]
[BlackElo "1852"]
[PlyCount "146"]
[EventDate "2010.04.01"]

1. d4 d5 2. Nf3 Nf6 3. c4 c6 4. Nc3 a6 5. cxd5 cxd5 6. Bf4 Nc6 7. e3 Bg4 8. Be2
e6 9. O-O Bd6 10. Bxd6 Qxd6 11. h3 Bh5 12. Na4 O-O 13. Nc5 Rab8 14. Rc1 Rfc8
15. Nxb7 Rxb7 16. Bxa6 Rbc7 17. Bxc8 Rxc8 18. Qa4 Bxf3 19. Qa6 Qd7 20. gxf3 Ne7
21. Rxc8+ Nxc8 22. Rc1 Nd6 23. b3 Nfe8 24. Qc6 Qd8 25. f4 Qh4 26. Kg2 g5 27.
fxg5 Qxg5+ 28. Kh2 Qh4 29. Rg1+ Kf8 30. Qc2 Nf6 31. f3 Nf5 32. Qc5+ Ke8 33.
Qc6+ Kd8 34. Qb6+ Kd7 35. Qb7+ Kd8 36. Qxf7 Nxe3 37. Qf8+ Ne8 38. Qf7 Qf2+ 39.
Kh1 Nf1 40. Qf4 Nd2 41. Qg3 Qxd4 42. Rd1 Qe3 43. Qb8+ Kd7 44. Qb5+ Ke7 45. Qb4+
Kf7 46. Qxd2 Qxf3+ 47. Kh2 Nf6 48. Rg1 Ne4 49. Qh6 Ke7 50. Qxh7+ Kd6 51. Qh4 d4
52. Qd8+ Ke5 53. Qc7+ Kd5 54. Qc4+ Ke5 55. Qc7+ Kd5 56. Qd8+ Ke5 57. Rg5+ Nxg5
58. Qxg5+ Ke4 59. Qg6+ Ke3 60. Qxe6+ Kf2 61. Qg6 Qf4+ 62. Kh1 Qf3+ 63. Kh2 Qf4+
64. Kh1 Ke3 65. Qg1+ Qf2 66. Qg5+ Ke2 67. Qe5+ Qe3 68. Qh2+ Kf1 69. Qg2+ Ke1
70. h4 d3 71. Kh2 Qf2 72. h5 d2 73. h6 d1=Q 0-1

[Event "Memorial Nicola Palladino A"]
[Site "Milano ITA"]
[Date "2010.04.03"]
[Round "3"]
[White "Formento, Paolo"]
[Black "Kruis, Rudy"]
[Result "1/2-1/2"]
[WhiteElo "1858"]
[BlackElo "1938"]
[PlyCount "67"]
[EventDate "2010.04.01"]

1. e4 c6 2. Nf3 d5 3. Nc3 dxe4 4. Nxe4 Bf5 5. Ng3 Bg6 6. h4 h6 7. Ne5 Bh7 8.
Qh5 g6 9. Qf3 Nf6 10. Qb3 Qc7 11. Qxf7+ Kd8 12. Nxg6 Nbd7 13. Nxf8 Rxf8 14. Qb3
Ng4 15. Be2 Nxf2 16. Rf1 Nd3+ 17. cxd3 Qxg3+ 18. Kd1 Rxf1+ 19. Bxf1 Qf2 20. Be2
Nc5 21. Qc3 Kc7 22. b4 Nd7 23. Bf3 Qxh4 24. a4 Rd8 25. b5 c5 26. a5 Qd4 27.
Qxd4 cxd4 28. Bb2 e5 29. Rc1+ Kb8 30. Ke2 Rc8 31. Rxc8+ Kxc8 32. Bg4 Kc7 33.
Bxd7 Kxd7 34. Ba3 1/2-1/2

[Event "Memorial Nicola Palladino A"]
[Site "Milano ITA"]
[Date "2010.04.03"]
[Round "3"]
[White "Guzzetti, Luigi Enrico"]
[Black "Rossi, Giampiero"]
[Result "0-1"]
[WhiteElo "1879"]
[BlackElo "1914"]
[PlyCount "88"]
[EventDate "2010.04.01"]

1. e4 c5 2. Nf3 e6 3. d4 cxd4 4. Nxd4 a6 5. Nc3 Qc7 6. a3 Nf6 7. Be2 Be7 8. Be3
d6 9. O-O Bd7 10. f4 Nc6 11. Nb3 O-O 12. Bf3 Rab8 13. Qd2 b5 14. g4 Rfc8 15. g5
Ne8 16. Qf2 Bd8 17. f5 Ne5 18. Bh5 exf5 19. exf5 Bc6 20. Nd4 Ba8 21. Nf3 Qb7
22. Qg3 Nc4 23. Bd4 Bb6 24. g6 Nf6 25. gxh7+ Kxh7 26. Ng5+ Kg8 27. Bxf7+ Kf8
28. Nh7+ Kxf7 29. Qg6+ Ke7 30. Qxg7+ Kd8 31. Qxf6+ Kc7 32. Qe7+ Kc6 33. Qe4+
Kc7 34. Qe7+ Kc6 35. Qe4+ Kc7 36. Bxb6+ Qxb6+ 37. Rf2 Bxe4 38. Re1 Rg8+ 39. Kf1
Ne3+ 40. Ke2 Bxc2 41. Kd2 Nc4+ 42. Ke2 Rbe8+ 43. Kf1 Bd3+ 44. Ree2 Bxe2+ 0-1

[Event "Memorial Nicola Palladino A"]
[Site "Milano ITA"]
[Date "2010.04.03"]
[Round "3"]
[White "Illyuviev, Oleg"]
[Black "Gonella, Daniele"]
[Result "1-0"]
[WhiteElo "2031"]
[BlackElo "1918"]
[PlyCount "187"]
[EventDate "2010.04.01"]

1. c4 e6 2. Nc3 c6 3. d4 d5 4. cxd5 exd5 5. Bf4 Nf6 6. e3 Bf5 7. Be2 Bd6 8. g4
Bxf4 9. gxf5 Bd6 10. Nf3 Nbd7 11. Rg1 g6 12. Qc2 Qc7 13. O-O-O O-O-O 14. h4
Rde8 15. Nd2 Bf8 16. Kb1 Bh6 17. b4 Kb8 18. Bf3 a6 19. Rc1 Rc8 20. a4 Rhe8 21.
Ka1 Ng8 22. Nb3 Ne7 23. fxg6 hxg6 24. h5 Rg8 25. Rh1 g5 26. Qd3 g4 27. Bg2 f5
28. b5 Qd6 29. bxa6 Qa3+ 30. Na2 b6 31. Rb1 Ka7 32. a5 b5 33. Rhc1 Qd6 34. Kb2
Kxa6 35. Nc3 Rb8 36. Na4 Qb4 37. Nac5+ Nxc5 38. Rxc5 Kb7 39. Rbc1 Rbc8 40. R5c3
Rc7 41. Kc2 Qd6 42. Kb2 Qb4 43. Kc2 Qd6 44. Nc5+ Ka7 45. Kb2 Rf8 46. Qd1 Nc8
47. Nd3 Ne7 48. Bf1 Bg7 49. Ka2 Rfc8 50. Qc2 Kb7 51. Kb1 Ra8 52. Nc5+ Ka7 53.
Be2 Rb8 54. Nd3 Rbb7 55. Rc5 Kb8 56. Rg1 Qh2 57. Qd1 Qxh5 58. Rh1 Qe8 59. Nb4
Ra7 60. a6 Nc8 61. Qg1 Bxd4 62. exd4 Qxe2 63. Nxc6+ Rxc6 64. Rxc6 Qd3+ 65. Rc2
Rc7 66. Qc1 Rc4 67. Qb2 Nb6 68. Kc1 Qxd4 69. Qxd4 Rxd4 70. Rh6 Ka7 71. Kb1 Rc4
72. Re2 Re4 73. Rxe4 fxe4 74. Rg6 Kxa6 75. Rxg4 Ka5 76. Kc2 Kb4 77. f3 Nc4 78.
Rf4 e3 79. Kd3 Kc5 80. Rf8 b4 81. Rb8 Ne5+ 82. Kxe3 Kc4 83. Rc8+ Kb3 84. f4
Nc4+ 85. Kd3 Kb2 86. f5 Nd6 87. Rc2+ Ka3 88. f6 b3 89. Rc6 Nc4 90. Kc3 Na5 91.
Ra6 d4+ 92. Kxd4 b2 93. Rxa5+ Kb4 94. Ra8 1-0

[Event "Memorial Nicola Palladino A"]
[Site "Milano ITA"]
[Date "2010.04.03"]
[Round "3"]
[White "Krstic, Dragan"]
[Black "Di Lascio, Savino"]
[Result "0-1"]
[WhiteElo "1763"]
[BlackElo "1925"]
[PlyCount "134"]
[EventDate "2010.04.01"]

1. d4 Nf6 2. c4 e6 3. Nf3 b6 4. g3 Ba6 5. Qc2 Bb4+ 6. Bd2 Qe7 7. Bg2 O-O 8. O-O
d5 9. Ne5 c6 10. Re1 Rc8 11. a3 Bxd2 12. Nxd2 Nbd7 13. Qa4 Bb7 14. Nxd7 Nxd7
15. Rac1 a6 16. cxd5 cxd5 17. Qb3 a5 18. e4 Qg5 19. f4 Qf6 20. Qe3 g6 21. Nb1
dxe4 22. Nc3 Rc4 23. Rcd1 Rd8 24. Bf1 Rc7 25. Nxe4 Bxe4 26. Qxe4 Nb8 27. Bb5
Rd5 28. a4 Nc6 29. Qc2 Rd6 30. Re3 Qd8 31. Bxc6 Rcxc6 32. Qd3 Qc7 33. Re2 Rc4
34. b3 Rc3 35. Qb5 Qd8 36. Red2 Rd5 37. Qa6 Rxb3 38. Rc2 Qe7 39. Rc6 Rd6 40.
Rc4 Kg7 41. Qa8 Rd8 42. Qe4 Rb4 43. Rdc1 Rd5 44. Rc7 Qf6 45. R1c4 Rxd4 46. Rxb4
Rxb4 47. Rc4 Qa1+ 48. Kg2 Qa2+ 49. Rc2 Qd5 50. Qxd5 exd5 51. Ra2 Kf6 52. Kf2
Kf5 53. Ke3 Ke6 54. Kd3 Kd6 55. Kc3 Kc5 56. Ra3 f5 57. h3 Re4 58. Kd3 d4 59.
Kd2 Re3 60. Rxe3 dxe3+ 61. Kxe3 Kb4 62. Kd4 Kxa4 63. g4 Kb3 64. gxf5 gxf5 65.
Ke5 a4 66. Kxf5 a3 67. Ke6 a2 0-1

[Event "Memorial Nicola Palladino A"]
[Site "Milano ITA"]
[Date "2010.04.03"]
[Round "3"]
[White "Olivieri, Alessandro"]
[Black "Attuati, Stefano"]
[Result "0-1"]
[WhiteElo "1938"]
[BlackElo "1848"]
[PlyCount "68"]
[EventDate "2010.04.01"]

1. d4 e6 2. c4 f5 3. Nc3 Nf6 4. Nf3 d5 5. Ne5 Bd6 6. Bg5 O-O 7. cxd5 exd5 8.
Bxf6 gxf6 9. Nf3 c6 10. g3 Qe8 11. e3 Kh8 12. Be2 Rg8 13. Qc2 a5 14. Nh4 Na6
15. a3 Rg5 16. Bd3 Qe6 17. Ne2 Rh5 18. O-O-O Rg5 19. Nf4 Qe7 20. Nf3 Rg8 21.
Ng2 b5 22. Ngh4 b4 23. Bxf5 Qb7 24. a4 b3 25. Qe2 Qb4 26. Nd2 Qxa4 27. Bxh7 Bg4
28. f3 c5 29. Bxg8 Kxg8 30. fxg4 cxd4 31. Nb1 Rc8+ 32. Nc3 Rxc3+ 33. bxc3 Qa1+
34. Kd2 Qxc3# 0-1

[Event "Memorial Nicola Palladino A"]
[Site "Milano ITA"]
[Date "2010.04.03"]
[Round "3"]
[White "Pelizzola, Danilo"]
[Black "Arboscelli, Gregorio"]
[Result "1/2-1/2"]
[WhiteElo "2106"]
[BlackElo "1848"]
[PlyCount "135"]
[EventDate "2010.04.01"]

1. e4 g6 2. d4 Bg7 3. Nf3 d6 4. c4 Nd7 5. Nc3 e5 6. Be2 Ne7 7. d5 a5 8. O-O Nc5
9. Ne1 f5 10. exf5 gxf5 11. Bg5 O-O 12. Nd3 Ne4 13. Nxe4 fxe4 14. Ne1 Qe8 15.
Bh5 Ng6 16. Nc2 b5 17. b3 bxc4 18. bxc4 Qa4 19. Bxg6 hxg6 20. Ne3 Qxd1 21.
Rfxd1 Ba6 22. Rab1 Rab8 23. Kf1 Kf7 24. Ke1 Bf6 25. Bxf6 Kxf6 26. Kd2 Kg5 27.
Rxb8 Rxb8 28. Kc3 Rf8 29. Rd2 Rb8 30. Rb2 Rb6 31. Rb3 Bc8 32. Rb5 a4 33. Rxb6
cxb6 34. a3 Kf4 35. h4 Bd7 36. Kd2 Bc8 37. Ke2 Bg4+ 38. Ke1 Bh5 39. Kf1 Bg4 40.
Ke1 Bh5 41. Kd2 Bg4 42. Nf1 Bd7 43. Nh2 e3+ 44. fxe3+ Kg3 45. Nf3 Kxg2 46. Ng5
Kg3 47. Ne4+ Kxh4 48. Ke2 g5 49. Kf2 g4 50. Kg2 b5 51. cxb5 Bxb5 52. Nxd6 Be2
53. Kf2 Bf3 54. Nf5+ Kg5 55. d6 Bc6 56. Ne7 Bd7 57. Nd5 Kf5 58. Kg3 Ke6 59. Nb6
Kxd6 60. Nxd7 Kxd7 61. Kxg4 Kc6 62. e4 Kc5 63. Kg5 Kc4 64. Kf6 Kb3 65. Kxe5
Kxa3 66. Kd5 Kb2 67. e5 a3 68. e6 1/2-1/2

[Event "Memorial Nicola Palladino A"]
[Site "Milano ITA"]
[Date "2010.04.03"]
[Round "3"]
[White "Virzi, Ettore"]
[Black "Bemporad, Filippo"]
[Result "1-0"]
[WhiteElo "1999"]
[BlackElo "2057"]
[PlyCount "81"]
[EventDate "2010.04.01"]

1. e4 c5 2. Nf3 d6 3. d4 cxd4 4. Nxd4 e6 5. c4 Nf6 6. Nc3 Be7 7. Be2 O-O 8. Be3
Nbd7 9. O-O Nc5 10. f3 Qc7 11. Qd2 a6 12. b4 Ncd7 13. a3 b6 14. Rfc1 Bb7 15.
Rab1 Rac8 16. Kh1 Rfd8 17. Bf1 Ne5 18. Nb3 Nfd7 19. Qf2 Bc6 20. Nd5 Bxd5 21.
cxd5 Qb7 22. dxe6 fxe6 23. Nd4 Nf8 24. Qa2 Bf6 25. b5 a5 26. a4 d5 27. Qb3 Kf7
28. Nc6 Rd6 29. Nxe5+ Bxe5 30. f4 Bf6 31. e5 Rdd8 32. exf6 gxf6 33. Bd4 Nd7 34.
Qh3 Rh8 35. Qh5+ Ke7 36. Qh6 Rcg8 37. Rc6 Rg6 38. Qh3 Nf8 39. Re1 Qd7 40. Rec1
Kd8 41. Bxb6+ 1-0

[Event "Memorial Nicola Palladino A"]
[Site "Milano ITA"]
[Date "2010.04.04"]
[Round "4"]
[White "Angelini, Marco"]
[Black "Battistella, Stefano"]
[Result "1-0"]
[WhiteElo "2046"]
[BlackElo "2095"]
[PlyCount "87"]
[EventDate "2010.04.01"]

1. e4 e5 2. Nc3 Nc6 3. Bc4 Nf6 4. d3 Na5 5. Bb3 Nxb3 6. axb3 Bb4 7. Nf3 d5 8.
exd5 Nxd5 9. Bd2 Bxc3 10. bxc3 O-O 11. O-O f6 12. Qe2 c6 13. c4 Ne7 14. Bc3 Ng6
15. Qe3 Bg4 16. h3 Bxf3 17. Qxf3 Qd7 18. Rad1 c5 19. b4 b6 20. bxc5 bxc5 21.
Rb1 Rfb8 22. Bd2 Nf8 23. Be3 Ne6 24. Qg4 Qc6 25. f4 exf4 26. Bxf4 Rb4 27. Bd2
Rxb1 28. Rxb1 Re8 29. Bc3 Kh8 30. Rf1 h6 31. Bxf6 Qd7 32. Bc3 Re7 33. Qg6 Kg8
34. Qh5 Nd4 35. Bxd4 Qxd4+ 36. Kh1 Qe3 37. Qd5+ Kh7 38. Rf8 Qe1+ 39. Kh2 Qe3
40. Qf5+ g6 41. Qf6 Rg7 42. Qd6 a5 43. Ra8 g5 44. Qf6 1-0

[Event "Memorial Nicola Palladino A"]
[Site "Milano ITA"]
[Date "2010.04.04"]
[Round "4"]
[White "Astengo, Corrado"]
[Black "Colovic, Aleksandar"]
[Result "0-1"]
[WhiteElo "2136"]
[BlackElo "2464"]
[PlyCount "162"]
[EventDate "2010.04.01"]

1. e4 c5 2. Nf3 d6 3. d4 cxd4 4. Nxd4 Nf6 5. Nc3 e6 6. g4 e5 7. Bb5+ Bd7 8.
Bxd7+ Qxd7 9. Nf5 h5 10. f3 hxg4 11. fxg4 g6 12. Ne3 Rh3 13. Ned5 Nxd5 14. Nxd5
Be7 15. g5 Na6 16. Qe2 Nc7 17. Nxe7 Qxe7 18. Bd2 Ne6 19. Qg2 Rh5 20. h4 Nd4 21.
O-O-O Qe6 22. Kb1 Qc4 23. Be3 Nb5 24. Qf1 Qxf1 25. Rdxf1 Nc7 26. Rd1 Ke7 27.
Bf2 Ne6 28. Rhe1 a6 29. Re3 Rc8 30. Rb3 b5 31. a4 bxa4 32. Rb6 Nc5 33. Bxc5
Rxc5 34. Rxa6 Rc4 35. Rdxd6 Rxh4 36. Rf6 Rc7 37. Rxa4 Rg4 38. Rf3 Rxg5 39. b4
Rg2 40. b5 Rgxc2 41. b6 Rc1+ 42. Kb2 R7c2+ 43. Kb3 Rc6 44. Kb2 R1c2+ 45. Kb1
R2c3 46. Ra7+ Ke6 47. Rxc3 Rxc3 48. b7 Rb3+ 49. Kc2 Rb5 50. Kc3 Kd6 51. Kc4 Rb1
52. Ra6+ Kd7 53. Ra7 Kc6 54. b8=Q Rxb8 55. Rxf7 Rd8 56. Rg7 Rd6 57. Rg8 Rf6 58.
Rc8+ Kd7 59. Rg8 Ke6 60. Kc5 Kf7 61. Ra8 Re6 62. Kd5 Re7 63. Ra1 g5 64. Rg1 Kg6
65. Kd6 Re8 66. Rb1 g4 67. Kd7 Ra8 68. Ke6 Ra5 69. Rf1 Kg5 70. Rf5+ Kh4 71. Rf8
g3 72. Rg8 Kh3 73. Rh8+ Kg4 74. Rg8+ Kf4 75. Rg7 Kxe4 76. Rxg3 Ra6+ 77. Kf7 Kf4
78. Rb3 e4 79. Kg7 e3 80. Rb8 Re6 81. Kf7 Re4 0-1

[Event "Memorial Nicola Palladino A"]
[Site "Milano ITA"]
[Date "2010.04.04"]
[Round "4"]
[White "Attuati, Stefano"]
[Black "Giacometto, Mario"]
[Result "1-0"]
[WhiteElo "1848"]
[BlackElo "1972"]
[PlyCount "83"]
[EventDate "2010.04.01"]

1. e4 e6 2. d4 d5 3. Nc3 Bb4 4. Nge2 dxe4 5. a3 Ba5 6. b4 Bb6 7. Nxe4 a5 8. Rb1
axb4 9. axb4 e5 10. dxe5 Qxd1+ 11. Kxd1 Nc6 12. f4 Nh6 13. c4 Ra4 14. c5 Ba5
15. bxa5 Rxe4 16. Nc3 Rd4+ 17. Ke1 O-O 18. Be3 Rb4 19. Rxb4 Nxb4 20. Bc4 Nc6
21. Ke2 Nxa5 22. Bd5 Bg4+ 23. Kf2 Be6 24. Rb1 Ng4+ 25. Ke2 Nxe3 26. Kxe3 b6 27.
cxb6 cxb6 28. Ke4 Rb8 29. f5 Bd7 30. e6 fxe6 31. fxe6 Be8 32. Rf1 g5 33. Ke5
Kg7 34. Ne4 h6 35. Nd6 Nc6+ 36. Bxc6 Bxc6 37. Rf7+ Kg8 38. Nf5 Bxg2 39. Nxh6+
Kh8 40. e7 Ra8 41. Rf8+ Kg7 42. Nf5+ 1-0

[Event "Memorial Nicola Palladino A"]
[Site "Milano ITA"]
[Date "2010.04.04"]
[Round "4"]
[White "Bemporad, Filippo"]
[Black "Formento, Paolo"]
[Result "1-0"]
[WhiteElo "2057"]
[BlackElo "1858"]
[PlyCount "127"]
[EventDate "2010.04.01"]

1. d4 d5 2. Nf3 Nf6 3. c4 c6 4. g3 e6 5. Bg2 Bd6 6. O-O O-O 7. Nc3 Nbd7 8. Nd2
Re8 9. e4 dxe4 10. Ndxe4 Nxe4 11. Nxe4 Be7 12. d5 exd5 13. cxd5 cxd5 14. Nc3
Nf6 15. Nxd5 Nxd5 16. Bxd5 Be6 17. Bxb7 Qxd1 18. Rxd1 Rab8 19. Bc6 Rec8 20. Ba4
Bf6 21. Bb3 Bxb3 22. axb3 Rxb3 23. Rxa7 Bxb2 24. Be3 Ba3 25. Ra1 Bb4 26. Rb7
Bc3 27. Rc7 Rbb8 28. Rxc8+ Rxc8 29. Rc1 Rc7 30. Bb6 Rc6 31. Ba5 Bxa5 32. Rxc6
g6 33. Kg2 Kg7 34. g4 h6 35. Kf3 Bd8 36. Ke4 Bh4 37. f3 Bg5 38. h3 Bh4 39. Ra6
Bg5 40. f4 Bd8 41. f5 gxf5+ 42. Kxf5 Bc7 43. Ra1 Bg3 44. Rf1 Bh4 45. Rf3 Bg5
46. Ke5 Be7 47. Rf5 Kg6 48. Kd5 Bg5 49. Kd6 h5 50. Kd7 hxg4 51. hxg4 f6 52. Ke6
Bh4 53. Rh5 Be1 54. Rh8 Kg7 55. Rc8 Bh4 56. Kf5 Kf7 57. Rc7+ Ke8 58. Ke6 Kf8
59. Rh7 Bg5 60. Kf5 Kg8 61. Kg6 Bc1 62. Rc7 Ba3 63. Rc8+ Bf8 64. Rd8 1-0

[Event "Memorial Nicola Palladino A"]
[Site "Milano ITA"]
[Date "2010.04.04"]
[Round "4"]
[White "Cani, Gazmir"]
[Black "Nepi, Ezio"]
[Result "1-0"]
[WhiteElo "2027"]
[BlackElo "1852"]
[PlyCount "89"]
[EventDate "2010.04.01"]

1. d4 d5 2. c4 c6 3. Nf3 Nf6 4. Nc3 e6 5. Bg5 Nbd7 6. e3 Qa5 7. Nd2 Bb4 8. Qc2
O-O 9. Be2 c5 10. O-O cxd4 11. exd4 dxc4 12. Bxf6 Nxf6 13. Nxc4 Qc7 14. a3 Bxc3
15. bxc3 b6 16. Ne5 Bb7 17. a4 Rfd8 18. Qb2 Rac8 19. c4 Nd7 20. f4 Nxe5 21.
fxe5 Qe7 22. Rf4 Rc7 23. a5 Rcd7 24. h4 Ba8 25. axb6 axb6 26. Bh5 g6 27. Bg4
Qxh4 28. Raf1 Qg3 29. d5 Qe3+ 30. Kh2 Re7 31. R1f3 Qe1 32. Qxb6 Rf8 33. Qd6 g5
34. Rf6 Qh4+ 35. Bh3 Ra7 36. Rg3 h6 37. dxe6 Qxc4 38. Rxh6 Qf4 39. exf7+ Raxf7
40. Qg6+ Rg7 41. Be6+ Rff7 42. Qh5 Qh4+ 43. Qxh4 gxh4 44. Bxf7+ Kxf7 45. Rxg7+
1-0

[Event "Memorial Nicola Palladino A"]
[Site "Milano ITA"]
[Date "2010.04.04"]
[Round "4"]
[White "Cerasi, Umberto"]
[Black "Arboscelli, Gregorio"]
[Result "1/2-1/2"]
[WhiteElo "2046"]
[BlackElo "1848"]
[PlyCount "56"]
[EventDate "2010.04.01"]

1. d4 Nf6 2. c4 e6 3. Nc3 Bb4 4. Bg5 d5 5. cxd5 exd5 6. Qb3 Bxc3+ 7. bxc3 c6 8.
e3 Nbd7 9. Bd3 h6 10. Bh4 g5 11. Bg3 Nh5 12. Bd6 Qf6 13. Ba3 b5 14. Bb2 O-O 15.
a4 bxa4 16. Rxa4 Nb6 17. Ra3 Re8 18. Ne2 Bf5 19. Ba6 Rab8 20. Qa2 Nc4 21. Bxc4
dxc4 22. O-O Bd3 23. Re1 Bxe2 24. Rxe2 Nf4 25. Rd2 Qf5 26. Qa1 Qe4 27. Qf1 Nd3
28. Qa1 Nf4 1/2-1/2

[Event "Memorial Nicola Palladino A"]
[Site "Milano ITA"]
[Date "2010.04.04"]
[Round "4"]
[White "Di Lascio, Savino"]
[Black "Borin, Fabio"]
[Result "0-1"]
[WhiteElo "1925"]
[BlackElo "2107"]
[PlyCount "150"]
[EventDate "2010.04.01"]

1. Nf3 d6 2. g3 e5 3. d3 f5 4. Bg2 Be7 5. Nc3 Nf6 6. a3 O-O 7. b4 e4 8. dxe4
fxe4 9. Nd4 c5 10. Nb3 cxb4 11. Nd5 Be6 12. Nxe7+ Qxe7 13. Nd4 Nc6 14. Nxc6
bxc6 15. axb4 Ng4 16. O-O Nxf2 17. Qd4 c5 18. bxc5 dxc5 19. Ba3 Nh3+ 20. Bxh3
Bxh3 21. Rxf8+ Rxf8 22. Bxc5 Qf6 23. Qxf6 Rxf6 24. Bxa7 Rd6 25. c3 Rd2 26. Kf2
Bg4 27. Re1 Rc2 28. Bd4 g5 29. Ke3 Kf7 30. h3 Bxh3 31. Kxe4 Ke6 32. Kd3 Ra2 33.
e4 Kd6 34. c4 Ra3+ 35. Bc3 Bg2 36. Kd4 Ke6 37. Re3 h5 38. Bd2 Ra2 39. Be1 Ra1
40. Kc5 Bf1 41. Bc3 Ra4 42. Bb4 h4 43. gxh4 gxh4 44. Kb5 Ra8 45. Ba5 Rc8 46.
Re1 Bxc4+ 47. Kb4 Bd3 48. Rh1 Rh8 49. Bc7 Bxe4 50. Rh2 Rh7 51. Bf4 Kf5 52. Bd6
h3 53. Kc5 Bg2 54. Bg3 Rd7 55. Bd6 Rg7 56. Kd4 Rd7 57. Kc5 Ke6 58. Bf4 Rd5+ 59.
Kc4 Bf1+ 60. Kc3 Rc5+ 61. Kd4 Rc4+ 62. Ke3 Kf5 63. Bb8 Bg2 64. Bd6 Ke6 65. Bb8
Kd5 66. Kf2 Rc3 67. Ba7 Ke4 68. Bb8 Rf3+ 69. Ke2 Rb3 70. Ba7 Rb2+ 71. Ke1 Kd3
72. Bc5 Re2+ 73. Kd1 Rc2 74. Bd6 Rc6 75. Bf4 Rf6 0-1